| 000 | 00424nam a2200145Ia 4500 | ||
|---|---|---|---|
| 008 | 231129s1998||||xx |||||||||||||| ||spa|| | ||
| 020 | _a958-33-0822-6 | ||
| 040 | _bspa | ||
| 082 | _a305.4 V181L | ||
| 100 | _aVallejo Arcila Gonzalo Hugo | ||
| 245 | 0 | _aLiderazgo y poder femenino: Una expedición al mundo de la mujer | |
| 260 | _c1998 | ||
| 264 | _aBotero Gomez | ||
| 942 |
_2ddc _cBKS |
||
| 999 |
_c19283 _d19283 |
||